| 000 | 00927nam a2200301Ia 4500 | ||
|---|---|---|---|
| 001 | dia_3593 | ||
| 003 | CHAP | ||
| 005 | 20230704091436.0 | ||
| 008 | 220117s2007 xx 000 0 und d | ||
| 010 | _a177001 | ||
| 020 | _a978-0-13-187715-3 | ||
| 040 | _cCHAP | ||
| 082 | _a519.535 J64 2007 | ||
| 100 |
_aJohnson, Richard A. _9159909 |
||
| 245 |
_aApplied multivariate statistical analysis / _c Richard A. Johnson y Dean W. Wichern |
||
| 250 | _a6a ed. | ||
| 260 |
_aEstados Unidos de América : _b Pearson Prentice Hall, _c2007 |
||
| 300 | _axviii, 773 p. | ||
| 504 | _aIncluye bibliografías | ||
| 590 | _aQA278 J64 2007 | ||
| 650 |
_aAnálisis multivariado _95990 |
||
| 650 |
_aMultivariate analysis _9154982 |
||
| 700 |
_aWichern, Dean W., coaut. _9159910 |
||
| 901 | _a519.535 J64 2007 | ||
| 902 | _aA | ||
| 905 | _a5232272007 -usimn 8222223322eng16 | ||
| 942 |
_cLIBRO _2ddc |
||
| 999 |
_c177001 _d177001 |
||